Statistics for Historical Figures by Letter - P

Click here to take the quiz!

General Stats

  • This quiz has been taken 71 times
  • The average score is 15 of 20

Answer Stats

HintFigure% Correct
"The King of Rock and Roll"Elvis Presley
97%
Refused to give up her bus
seat in Alabama
Rosa Parks
97%
"Great" tsar of RussiaPeter the Great
95%
Evita was her nicknameEva Perón
94%
Co-founder of CubismPablo Picasso
92%
Founder of Academy in AthensPlato
90%
Brought Christianity to IrelandSaint Patrick
83%
3-time World Cup winnerPelé
79%
Traveled through China and
met Kublai Khan
Marco Polo
78%
Notorious Khmer prime ministerPol Pot
76%
American author of "The Raven"Edgar Allan Poe
76%
She saved John SmithPocahontas
75%
Chilean dictator, 1974-1990Augusto Pinochet
73%
A² + B² = C²Pythagoras
71%
Made dogs salivate with a bellIvan Pavlov
68%
Conqueror of the IncasFrancisco Pizarro
68%
Chemist who discovered that
germs cause disease
Louis Pasteur
63%
He wrote "The Godfather" novelsMario Puzo
56%
Alexander the Great's fatherPhilip II
40%
First emperor of BrazilPedro
35%

Score Distribution

Percentile by Number Answered

Percent of People with Each Score

Your Score History

You have not taken this quiz